Villes de Catalogne - Statistiques

Statistiques générales
  • Ce quiz a été pris 213 fois
  • Le résultat moyen est 5 sur 15
Statistiques - réponses
Ville Population % Correct
Barcelone 1 660 122
100%
Gérone 104 320
82%
Tarragone 138 262
65%
L'Hospitalet de Llobregat 274 455
44%
Lérida 143 094
43%
Badalone 225 557
35%
Sabadell 218 300
32%
Mataró 129 870
31%
Terrassa 225 277
30%
Reus 108 479
27%
Sant Cugat del Vallès 97 530
15%
Cornellà de Llobregat 90 303
13%
Santa Coloma de Gramenet 119 862
11%
Rubí 80 044
9%
Sant Boi de Llobregat 83 919
9%
Aucun quiz correspondant
Distribution des résultats
% des personnes avec chaque résultat
Percentile par nombre de réponses
Votre historique - résultats
Vous n’avez pas pris ce quiz